Vedení lidí, týmů a firem praktický atlas managementu

Saved in:
Bibliographic Details
Main Author: Plamínek, Jiří
Format: Book
Language:Czech
Published: Praha Grada Publishing 2008
Edition:3. aktualiz. a rozšíř. vyd.
Series:Manažer
Subjects:
Tags: Add Tag
No Tags, Be the first to tag this record!

MARC

LEADER 00000nam$a2200000$$$4500
001 0104591
005 20240315114740.7
020 |a 978-80-247-2448-5 
041 0 |a cze 
044 |a CZ 
245 1 0 |a Vedení lidí, týmů a firem  |b praktický atlas managementu  |c Jiří Plamínek 
250 |a 3. aktualiz. a rozšíř. vyd. 
264 1 |a Praha  |b Grada Publishing  |c 2008 
300 |a 204 s. 
490 1 |a Manažer 
830 0 |a Manažer 
610 2 0 |a riadenie podnikové 
610 2 0 |a manažment 
610 2 0 |a vedenie ľudí 
610 2 0 |a firmy 
610 2 0 |a úspech pracovný 
610 2 0 |a riadenie zmien 
610 2 0 |a kultúra podniková 
610 2 0 |a vzťahy medziľudské 
100 1 |a Plamínek, Jiří